000 01270 a2200253 4500
001 53120
005 20260407155805.0
008 260407a2012 arg spa d
003 AR-UNSa-BCEJYS
040 _aAR-UNSa-BCEJYS
_bspa
_cAR-UNSa-BCEJYS
080 _a338.12
_xMovimientos cíclicos en la economía. Ciclo de comercio. Ciclo de negocios. Expansión y contracción de la actividad económica
245 1 0 _a¡Acabemos ya con esta crisis!
020 _a978-987-9317-34-1
264 1 _aBarcelona :
_bCrítica
_c2012
300 _a264 p.
_c23 cm.
505 _a1. ¿Cuán mal están las cosas? - 2. Economía de la depresión - 3. El momento de Minsky - 4. Banqueros que se vuelven locos - 5. La segunda edad de oro - 6. Economía de la edad oscura - 7. Anatomía de una respuesta inadecuada - 8. Pero ¿y el déficit? - 9. Inflación:la amenaza fantasma - 10. Eurodammerung:el crepúsculo del euro - 11. "Austeríacos" - 12. Lo que hará falta" - 13. ¡Acabad con esta depresión!
041 _aspa
942 _cBK
590 _aniveau_biblio:m niveau_hierar:0
100 1 _aKrugman, Paul R.
700 1 _aBelza, Cecilia
700 1 _aGarcía, Gonzalo
856 4 1 _uhttps://biblioeco.unsa.edu.ar/pmb/images/libros/L128525.jpg
_yImagen de portada
_qimage/jpeg
999 _c5102
_d5102